000 00456nam a2200181Ia 4500
008 230711s9999||||xx |||||||||||||| ||und||
020 _a978-81-315-1457-3
041 _aENG
082 _a658
_bSH-F
100 _aShankaranarayana,H.V
245 0 _aFinancial accounting for management
250 _a15th Ed.
260 _c2011
_aDelhi
_bCengage Learning
300 _a693
650 _aUNIVESITY BUSNIESS SCHOOL
700 _aRamanath,H.R
942 _cBK
999 _c5615
_d5615